CTET/TET: (Record no. 200358)

MARC details
000 -LEADER
fixed length control field 00762nam a22002177a 4500
005 - DATE AND TIME OF LATEST TRANSACTION
control field 20240124143326.0
010 ## - LCCN (DPL NO)
LC control number ENG-138991
020 ## - INTERNATIONAL STANDARD BOOK NUMBER
International Standard Book Number 9789355322548
Terms of availability 380.00
035 ## - SYSTEM CONTROL NUMBER
System control number EN-122523
037 ## - SOURCE OF ACQUISITION
Source of stock number/acquisition DBAD/PUB
082 ## - DEWEY DECIMAL CLASSIFICATION NUMBER
Classification number 500
Edition number 2
100 ## - MAIN ENTRY--PERSONAL NAME
Personal name Prakash, Om
245 ## - TITLE STATEMENT
Title CTET/TET:
Statement of responsibility, etc By Om Prakash and Kanta Pradeep Pandit
Remainder of title Science and Pedagogy/
250 ## - EDITION STATEMENT
Edition statement 2
260 ## - PUBLICATION, DISTRIBUTION, ETC. (IMPRINT)
Place of publication, distribution, etc Tamil Nadu
Name of publisher, distributor, etc McGraw Hill Education
Date of publication, distribution, etc 2022
270 ## - ADDRESS
Address Anjana Complex No. 5/90 A, Butt Road, St. Thomas Mount
City Tamil Nadu
Postal code 600016
300 ## - PHYSICAL DESCRIPTION
Extent various pagings :
Dimensions 24cm(pbk)
500 ## - GENERAL NOTE
General note Subject- Wise Comprehensive Series Based on the Latest Examination Pattern
700 ## - ADDED ENTRY--PERSONAL NAME
Personal name Pandit, Kanta Pradeep
Relator term Author
9 (RLIN) 61250
942 ## - ADDED ENTRY ELEMENTS (KOHA)
Source of classification or shelving scheme Dewey Decimal Classification
Item type English Books
Classification part 500
Call number suffix PRA
Holdings
Withdrawn status Lost status Not for loan Collection code Home library Current library Date acquired Source of acquisition Cost, normal purchase price Full call number Barcode Copy number Cost, replacement price Koha item type
      Non-fiction Sarojini Nagar Sarojini Nagar 24/01/2024 DBAD/PUB 380.00 500 PRA EN-122523 1 380.00 English Books

© Delhi Public Library
Hit Counter
free hit counter